Normal view MARC view
  • Pye Tait Consulting

Entry Corporate Name

Number of records used in: 3

001 - CONTROL NUMBER

  • control field: 6027

003 - CONTROL NUMBER IDENTIFIER

  • control field: OSt

005 - DATE AND TIME OF LATEST TRANSACTION

  • control field: 20190806150249.0

008 - FIXED-LENGTH DATA ELEMENTS

  • fixed length control field: 120308n| acannaabn |n ana d

040 ## - CATALOGING SOURCE

  • Original cataloging agency: OSt
  • Transcribing agency: OSt

110 2# - HEADING--CORPORATE NAME

  • Corporate name or jurisdiction name as entry element: Pye Tait Consulting

670 ## - SOURCE DATA FOUND

  • Source citation: Research to support the development of a Green Deal competency framework, 2012